| 000 | 00456nam a2200145Ia 4500 | ||
|---|---|---|---|
| 005 | 20240807062631.0 | ||
| 008 | 240806s9999||||xx |||||||||||||| ||eng|| | ||
| 041 | _aeng | ||
| 100 | _aVishveshvaranand Indological Series-14 | ||
| 245 | 0 |
_aVishveshvaranand bharat bharti granthmala-14 / _cVishveshvaranand Indological Series-14 |
|
| 260 | _bDeva Datta Shastri At The V.V.R.L. Press, Hoshiarpur | ||
| 300 | _a1245 | ||
| 650 | _aGeneral Studies | ||
| 942 | _cBK | ||
| 999 |
_c24863 _d24863 |
||